Centrálne vetranie bytového domu s aplikáciou rekuperačnej jednotky

Guardado en:
Detalles Bibliográficos
Autor principal: Stručka, Ján (Autor)
Otros Autores: Hurtíková, Daniela (Orientador)
Formato: Manuscrito Libro
Lenguaje:eslovaco
Publicado: 2021
Materias:
Acceso en línea:http://is.stuba.sk/zp/portal_zp.pl?podrobnosti=158600
https://opac.crzp.sk/?fn=detailBiblioForm&sid=7E417B54B864B7C45E25F94635AB
Etiquetas: Agregar Etiqueta
Sin Etiquetas, Sea el primero en etiquetar este registro!

MARC

LEADER 00000ntm a22000003a 4500
001 stuzp85954
003 SK-STU
005 20230515134204.0
007 ta
008 150427s2015----xo-----f-mn---000-0-slo-d
040 |a STU  |b slo 
041 0 |a slo 
100 1 |a Stručka, Ján  |u 010290  |4 aut  |U SvF Stavebná fakulta  |T SvF Katedra technických zariadení budov  |X 62939  |U V290  |Y 31  |7 62939 
242 0 1 |a Central ventilation of an apartment building with the application of a recuperation unit  |y eng 
245 1 0 |a Centrálne vetranie bytového domu s aplikáciou rekuperačnej jednotky 
260 |c 2021 
650 4 |a bytový dom  |2 slo 
650 4 |a chladenie  |2 slo 
650 4 |a rekuperácia  |2 slo 
650 4 |a vetranie  |2 slo 
650 4 |a appartment building  |2 eng 
650 4 |a ventilation  |2 eng 
650 4 |a cooling  |2 eng 
650 4 |a recuperation  |2 eng 
700 1 |a Hurtíková, Daniela  |4 ths  |X 23437  |7 A000023437 
856 4 |u http://is.stuba.sk/zp/portal_zp.pl?podrobnosti=158600 
856 4 |u https://opac.crzp.sk/?fn=detailBiblioForm&sid=7E417B54B864B7C45E25F94635AB